000 00698cam a22002292 4500
001 0000002721
005 20170406114439.0
008 140401s xx 000 0 eng d
020 _c$
040 _aYour Holding Symbol
_cYour Holding Symbol
100 1 _aVeenhoven,Willem A.
245 1 0 _aCase studies on human rights and fundamental Freedoms :
_ba world survey.
250 _a ed.
260 _aNetherlands :
_bMarrtinus nijhoff,
_c1976.
300 _a568 p. ;
_c cm.
504 _aindex.
650 0 _asociology
_xhuman rights.
908 _a140401
999 _c2607
_d2607